000 00636nam a2200265Ia 4500
005 20260121165137.0
008 008 260114s9999 xx 000 0 eng d
020 _a9781349948635
037 _aEBOOK
040 _aCRL
040 _beng
040 _cCRL
041 _2eng
041 _aeng
084 _qCRL
100 _aCharles Sutcliffe
_91048053
245 0 _aFinance and Occupational Pensions
260 _bSpringer
260 _bSpringer
260 _c2016
856 _uhttps://link.springer.com/openurl?genre=book&isbn=978-1-349-94863-5
942 _cEBOOK
999 _c1613778
_d1613778